00371 2200157 4500001002100000005001500021035002000036245004200056100001600098300001100114260003600125082000800161084001400169020001800183990001200201INLIS00000000000169720250430094211 a0010-04250001131 aBaku dan Tidak Baku /cY. Budi Artati0 aBudi Artati a52 hlm aKlaten :bIntan Pariwara,c2009 a410 a410 BUD b a979-28-0627-4 a0754646